| 000 | 00694nam a2200241 a 4500 | ||
|---|---|---|---|
| 005 | 20240919064813.0 | ||
| 008 | 160627s2011 mx r 000 0 spa d | ||
| 020 | _a9788492755523 | ||
| 035 | _aUPN01000211637 | ||
| 049 | _aCG | ||
| 050 | 4 |
_aBL2765 F8 _bJ3.7 |
|
| 100 | 1 |
_aJaurés, Jean, _d1859-1914 _939283 |
|
| 245 | 1 | 0 |
_aSeamos laicos : _beducación y laicidad / _cJean Jaurés. |
| 260 |
_aMadrid : _bTrama, _c2011. |
||
| 300 | _a133 p. | ||
| 440 | 0 | _aLargo recorrido | |
| 534 |
_pTítulo original: _tPour la laique |
||
| 650 | 4 |
_aSECULARISMO - _zFRANCIA _917534 |
|
| 650 | 4 |
_aSECULARISMO _98612 |
|
| 650 | 4 |
_aEducación _xAspectos sociales _95311 |
|
| 905 | _aLibro | ||
| 999 |
_c183738 _d183738 |
||